000 00314nam a2200145 i 4500
001 bg
100 1 _aCHEMMING, R. V.
245 0 _aCislennye metody /
_cR.V. Chemming.
260 _aMoskva,
_c1968.
040 _cBPK
041 _apol
080 _a518
942 _cKS
008 s pl f |000 0 pol
999 _c8051
_d8051
856 _uhttp://koha.tu.koszalin.pl/cgi-bin/koha/opac-detail.pl?biblionumber=8051
_yKatalog online BPK